Religion Quiz

Random Religion Quiz

'Sin'onyms Quiz Stats

 Plays Quiz not verified by Sporcle

Also try: Saint or Ain't?
Challenge
Share
Tweet
Embed
Score 0/12 Timer 02:00
0 Plays Today
Synonym Sin % Correct
desirelust
89.8%
overeatinggluttony
86.6%
lazinesssloth
86.1%
homocidekilling
86.1%
jealousyenvy
82.2%
avaricegreed
79%
vanitypride
67.9%
angerwrath
67.4%
infidelityadultery
59.1%
purloiningstealing
49%
cravingcoveting
40.4%
prevaricatinglying
36.3%

You're not logged in!

Compare scores with friends on all Sporcle quizzes.
OR
Log In

You Might Also Like...

Show Comments

Extras

Created Sep 18, 2010SourceReportNominate
Tags:anonym, sin, synonym

Top Quizzes Today


Score Distribution

Your Account Isn't Verified!

In order to create a playlist on Sporcle, you need to verify the email address you used during registration. Go to your Sporcle Settings to finish the process.

Report this User

Report this user for behavior that violates our Community Guidelines.

Details: